Pokémon contenant W - Statistiques

Statistiques générales
  • Ce quiz a été pris 170 fois
    159 depuis la dernière actualisation
  • Le résultat moyen est 7 sur 12
Statistiques - réponses
Pokémon % Correct
151 Mew
85%
150 Mewtwo
85%
179 Wattouat
80%
321 Wailord
78%
320 Wailmer
77%
055 Akwakwak
68%
054 Psykokwak
67%
211 Qwilfish
55%
602 Anchwatt
41%
802 Marshadow
39%
713 Séracrawl
36%
605 Lewsor
34%
Aucun quiz correspondant
Distribution des résultats
% des personnes avec chaque résultat
Percentile par nombre de réponses
Votre historique - résultats
Vous n’avez pas pris ce quiz depuis la dernière actualisation